书目信息 |
| 题名: |
口腔科手册(第二版)
|
|
| 作者: | 刘正 主编 | |
| 分册: | ||
| 出版信息: | 上海 上海科学技术出版社 1997.10 |
|
| 页数: | ||
| 开本: | ||
| 丛书名: | ||
| 单 册: | ||
| 中图分类: | R78-62 | |
| 科图分类: | ||
| 主题词: | 口腔科学 | |
| 电子资源: | ||
| ISBN: | 7-5323-4145-3 | |
| 000 | 00525nam0 2200181 45 | |
| 001 | 0102281027 | |
| 005 | 20010228103534.2 | |
| 010 | @a7-5323-4145-3@d31.60元 | |
| 100 | @a20010228d1997 km y0chiy0120 ea | |
| 101 | 0 | @achi |
| 105 | @a z 000yy | |
| 200 | 1 | @a口腔科手册(第二版)@AKou Qiang Ke Shou Ce(Di Er Ban)@f刘正主编@FLiu Zheng Zhu Bian |
| 210 | @a上海@c上海科学技术出版社@d1997.10 | |
| 606 | 0 | @a口腔科学 |
| 690 | @aR78-62@v3 | |
| 701 | 0 | @a刘正@4主编 |
| 801 | @aCN@bPftUser@c20010228 | |
| 905 | @b324778@dR78-62@eL.285@f1 | |
| 口腔科手册(第二版)/刘正主编.-上海:上海科学技术出版社,1997.10 |
| ISBN 7-5323-4145-3:31.60元 |
| ● |
| 相关链接 |
|
|
|
正题名:口腔科手册(第二版)
索取号:R78-62/L.285
 
预约/预借
| 序号 | 登录号 | 条形码 | 馆藏地/架位号 | 状态 | 备注 |
| 1 | 324778 | 203247780 | 自科库401/401自科库 22排1列3层/ [索取号:R78-62/L.285] | 在馆 |